Music Quiz

Random Music or Lyrics Quiz
Score 0/245 Timer 09:00
0 Plays Today
% Correct
I
100%
I
100%
I
100%
I
100%
I
100%
I
100%
I
100%
I
100%
I
100%
I
100%
I
100%
I
100%
a
98.1%
Chorus:
98.1%
Chorus x 2
98.1%
Hook:
98.1%
Hook
98.1%
Chorus
98.1%
The
94.2%
the
94.2%
the
94.2%
the
94.2%
the
94.2%
The
94.2%
me
88.5%
ya
88.5%
you
88.5%
you,
88.5%
and
82.7%
and
82.7%
And
82.7%
in
80.8%
in.
80.8%
we
80.8%
oh,
80.8%
in
80.8%
oh
80.8%
do
80.8%
We
80.8%
to
76.9%
your
76.9%
to
76.9%
It
76.9%
go
76.9%
it
76.9%
it
76.9%
it
76.9%
it
76.9%
it
76.9%
when
75%
my
73.1%
My
73.1%
my
73.1%
my
73.1%
my
73.1%
on
71.2%
on
71.2%
on
71.2%
that
71.2%
so
71.2%
know
71.2%
know
71.2%
that
71.2%
so
71.2%
know
71.2%
so,
71.2%
so
71.2%
so,
71.2%
so
71.2%
so,
71.2%
so
71.2%
so,
71.2%
so
71.2%
so,
71.2%
so
71.2%
on
71.2%
on
71.2%
know
71.2%
know
71.2%
is
69.2%
is
69.2%
where
69.2%
% Correct
is
69.2%
we're
65.4%
all
63.5%
Not
63.5%
all
63.5%
It's
63.5%
It's
63.5%
all
63.5%
all
63.5%
all
63.5%
you're
61.5%
how
59.6%
of
59.6%
don't
57.7%
like
53.8%
got
53.8%
like
53.8%
got
53.8%
had
51.9%
Now
51.9%
too,
51.9%
but
51.9%
at
51.9%
now
51.9%
had
51.9%
too
51.9%
just
51.9%
now
51.9%
up
50%
from
50%
up
50%
Did
50%
one,
50%
want
50%
could
50%
could
50%
with
50%
with
50%
up
50%
from
50%
out
46.2%
was
46.2%
head
44.2%
night,
44.2%
more.
44.2%
night.
44.2%
'cause
44.2%
night
44.2%
more
44.2%
been
42.3%
yea
42.3%
been,
42.3%
yea
42.3%
Yea,
42.3%
away
40.4%
gone.
40.4%
down
40.4%
down
40.4%
that's
40.4%
right.
40.4%
or
40.4%
that's
40.4%
right.
40.4%
down?
40.4%
down?
40.4%
away
40.4%
gone.
40.4%
down
40.4%
than
40.4%
that's
40.4%
right
40.4%
I've
38.5%
I've
38.5%
right
38.5%
because
38.5%
nothing
38.5%
much
36.5%
girl
34.6%
Last
32.7%
two,
32.7%
last
32.7%
felt
32.7%
% Correct
last
32.7%
stay,
30.8%
far
28.8%
ours?
28.8%
far
28.8%
let's
28.8%
again.
28.8%
home.
25%
sun
25%
days.
25%
four,
25%
home,
25%
home.
25%
sun
25%
friends.
25%
face.
23.1%
night's
23.1%
face.
23.1%
both
23.1%
met.
21.2%
new.
21.2%
long
21.2%
met
21.2%
today,
21.2%
late
19.2%
somewhere
19.2%
bed,
19.2%
spinnin'
19.2%
next
19.2%
used
19.2%
someone
19.2%
hell
19.2%
late,
19.2%
somewhere
19.2%
empty,
17.3%
slept
17.3%
drank
17.3%
danced
17.3%
awake
17.3%
Slept
17.3%
empty,
17.3%
fun
17.3%
Woke
15.4%
Layin'
15.4%
someone's
15.4%
lying
15.4%
name,
15.4%
Wonder
15.4%
till
15.4%
till
15.4%
till
15.4%
till
15.4%
lights
15.4%
lights
15.4%
Woke
15.4%
Pockets
13.5%
wallet
13.5%
streaming
13.5%
hardly
13.5%
waking
13.5%
room.
13.5%
catch
13.5%
Walked
13.5%
dawn.
13.5%
noon
13.5%
planned
13.5%
easy
13.5%
easy
13.5%
easy
13.5%
easy,
13.5%
easy,
13.5%
Pockets
13.5%
wallet
13.5%
streaming
13.5%
quite
11.5%
taste,
11.5%
mouth.
11.5%
Why's
11.5%
Why's
11.5%
Why's
11.5%
Why's
11.5%
Remove Ads.
Support Sporcle.
Get the best of Sporcle when you Go Orange. This ad-free experience offers more features, more stats, and more fun while also helping to support Sporcle. Thank you for becoming a member.

You're not logged in!

Compare scores with friends on all Sporcle quizzes.
OR
Log In

Sporcle TV

Today on Sporcle TV


Watch our educational content, quiz creation guides, and fun videos on Sporcle TV.

Show Comments

Extras

Top Quizzes Today


Score Distribution

Paid Content

Your Account Isn't Verified!

In order to create a playlist on Sporcle, you need to verify the email address you used during registration. Go to your Sporcle Settings to finish the process.

Report this User

Report this user for behavior that violates our Community Guidelines.

Details: